|
|
|
|
| LEADER |
00608nam a22001577a 4500 |
| 008 |
170306b xxu||||| |||| 00| 0 eng d |
| 999 |
|
|
|c 16771
|d 16771
|
| 020 |
|
|
|a 9788184574838
|
| 082 |
|
|
|a 302.2345
|b KAS
|
| 245 |
|
|
|a Satellite television and the internet :
|b history, development and impact /
|c Suman K. Kasturi
|
| 250 |
|
|
|a 1st ed.
|
| 260 |
|
|
|a New Delhi :
|b Kanishka Publishers,
|c 2013.
|
| 300 |
|
|
|a 278p.
|
| 650 |
|
|
|a Television
|
| 942 |
|
|
|2 ddc
|c BK
|
| 952 |
|
|
|0 0
|1 0
|2 ddc
|4 0
|6 302_234500000000000_KAS
|7 0
|9 23504
|a MAIN
|b MAIN
|d 2017-03-06
|e Pai Brothers
|g 850.00
|l 1
|o 302.2345 KAS
|p 22608
|r 2019-08-07
|s 2019-07-29
|t 1
|w 2017-03-06
|y BK
|